ՀՀ Գիտությունների ազգային ակադեմիայի հիմնարար գիտական գրադարան  =   Fundamental Scientific Library of NAS RA

Исследования космического пространства / (Record no. 465924)

MARC details
000 -LEADER
fixed length control field 00729nam-a2200181-a-4500
001 - CONTROL NUMBER
control field YSU0082458
003 - CONTROL NUMBER IDENTIFIER
control field AM-YeHGA
005 - DATE AND TIME OF LATEST TRANSACTION
control field 20250617161123.0
008 - FIXED-LENGTH DATA ELEMENTS--GENERAL INFORMATION
fixed length control field 981116s1965 xxu 000 0 rus u
040 ## - CATALOGING SOURCE
Original cataloging agency AM-YeHGA
090 ## - LOCALLY ASSIGNED LC-TYPE CALL NUMBER (OCLC); LOCAL CALL NUMBER (RLIN)
-- 469129
245 10 - TITLE STATEMENT
Title Исследования космического пространства /
Statement of responsibility, etc. Ред. Г.А. Скуридин и др.
260 ## - PUBLICATION, DISTRIBUTION, ETC.
Place of publication, distribution, etc. Москва :
Name of publisher, distributor, etc. Наука ,
Date of publication, distribution, etc. 1965.
300 ## - PHYSICAL DESCRIPTION
Extent 622 с.
440 #0 - SERIES STATEMENT/ADDED ENTRY--TITLE
Title Труды всесоюзной конференции по физике космического пространства. Москва, 10-16 июня 1965г.
650 #4 - SUBJECT ADDED ENTRY--TOPICAL TERM
Topical term or geographic name entry element Космическое пространство
700 10 - ADDED ENTRY--PERSONAL NAME
Personal name Скуридин, Г.А.
Relationship edt
Holdings
Withdrawn status Lost status Damaged status Not for loan Collection Home library Current library Date acquired Total checkouts Full call number Barcode Date last seen Price effective from Koha item type Public note
        General Fundamental Scientific Library Fundamental Scientific Library 21/02/2018   PIII/19395 FL0482336 21/02/2018 21/02/2018 Գրքեր / Books 30 Days Loan
        General Fundamental Scientific Library Fundamental Scientific Library 22/02/2018   PIII/19896 FL0482574 22/02/2018 22/02/2018 Գրքեր / Books 30 Days Loan


ՀՀ ԳԱԱ հիմնարար գիտական գրադարան
ՀՀ,Երևան 0019
Մարշալ Բաղրամյան 24/6
հեռախոս:(374-10) 52-47-50
Հետադարձ կապ

All site content, except where otherwise noted, is licensed under a
Creative Commons License